00869nam a2200241 a 450000100060000000300080000600500170001400800410003103500190007204000350009104100080012608200250013410000400015924500970019926000370029630000280033350400360036165000210039770000310041894200120044999900170046195201490047864162BD-RjUL20211209081258.0170209s1963 enka b 001 0deng d a(BD-RjUL)64292 aBD-RjULcBD-RjULdBD-RjULbeng aeng a940.18223bDUS 19631 aDuggan, Alfred,d1903-1964.919055114aThe story of the Crusades, 1097-1291 /cby Alfred Duggan ; with drawings by C. Walter Hodges aLondon :bFaber and Faber,c1963 a263 p. :bill. ;c21 cm aIncludes bibliography and index 0aCrusades9190466 aHodges, C. Walter 9190552 2ddccBK c64162d64162 00102ddc40718NFICaRUCLbRUCLcReadingd0000-00-00elahore, book centreg15.75l0o940.18 DUS 1963r2017-02-09 00:00:00tC-1w2017-02-09yBK